000 01003nam a2200265 a 4500
001 BRCA_396
005 20190320203006.0
008 970430s1997 caua---##b---#000-0#eng-d
020 _a0875871798
040 _aMdBWA
_cMdBWA
_dDLC
041 _aeng
044 _acau
050 4 _aNK4565.5
_b.K89 1997
100 1 _aKuwayama, George
_91341
245 1 0 _aChinese ceramics in colonial Mexico
_cGeorge Kuwayama.
260 _aLos Ángeles
_bLos Angeles County Museum of Art
_c1997
300 _a87 p.
_bil. (algunas a color)
_c28 cm.
500 _aIncluye glosario
500 _aContiene información de piezas de la colección Franz Mayer : azulejos (p. 24), botellas (p. 32, 33 y 36), jarras (p. 40, 41, 78, 80, 81), plato (p. 52)
504 _aBibliografía : p. 86-87
650 1 4 _aPorcelana china
_vCatálogos
_yDinastías Ming-Qing, 1368-1912
_91342
650 1 4 _aPorcelana china
_vCatálogos
_zMéxico
_91343
650 1 4 _aMercancías esmaltadas
_xInfluencia china
_zMéxico
_91344
942 _2lcc
_cB
999 _c331
_d331